000 00258nam a22001097a 4500
008 170119b xxu||||| |||| 00| 0 eng d
020 _a2900135128373
041 _aeng
080 _26TH
_a618.2
245 _aSKILLS IN CLINICAL NURSING
_cBERMAN
942 _2udc
_cBK
999 _c3178
_d3178